Alternative approaches to cost sharing for water service to agriculture in Egypt: (Record no. 192688)

MARC details
000 -LEADER
fixed length control field 00394nam a22001337a 4500
003 - CONTROL NUMBER IDENTIFIER
control field OSt
082 ## - DEWEY DECIMAL CLASSIFICATION NUMBER
Classification number IIMI/RR.2
100 ## - MAIN ENTRY--PERSONAL NAME
Personal name Perry, C J
245 ## - TITLE STATEMENT
Title Alternative approaches to cost sharing for water service to agriculture in Egypt:
Remainder of title research report - 2
260 ## - PUBLICATION, DISTRIBUTION, ETC. (IMPRINT)
Place of publication, distribution, etc Sri Lanka
Name of publisher, distributor, etc International irrigation managemnet institute
Date of publication, distribution, etc 1996
300 ## - PHYSICAL DESCRIPTION
Extent 15p.
546 ## - LANGUAGE
Language note English
942 ## - ADDED ENTRY ELEMENTS (KOHA)
Source of classification or shelving scheme Dewey Decimal Classification
Koha item type Report
Holdings
Lost status Source of classification or shelving scheme Damaged status Not for loan Collection code Home library Current library Shelving location Date acquired Total Checkouts Full call number Barcode Date last seen Koha item type
  Dewey Decimal Classification   Not For Loan Reference Book KAU Central Library, Thrissur KAU Central Library, Thrissur Reports 02/09/2019   IIMI/RR.2 207298 02/09/2019 Report
Kerala Agricultural University Central Library
Thrissur-(Dt.), Kerala Pin:- 680656, India
Ph : (+91)(487) 2372219
E-mail: librarian@kau.in
Website: http://library.kau.in/